00744nam a2200277Ia 4500001000900000003000500009005001700014008004100031010001100072020002200083040000900105082002800114100002100142245003400163260005600197300001100253440001400264500003100278503000700309650004000316650001400356650003800370650001300408650002200421650002300443dia_6429CHAP20230606143311.0220117s2008 xx 000 0 und d a177518 a978-970-58-0408-3 cCHAP a808.839375 M49 E25 2008 aMeyer, Stephenie aEclipse /c Stephenie Meyers aMéxico :b Santillana Ediciones Generales,c2008 a622 p. aAlfaguara aTítulo original: Eclipse aD. aAmerican literaturex21st century  aFiction  aLiteratura americanaxSiglo XXI  aNovela  aVampiresxFiction aVampirosxNovela